000
00299nam a2200133Ia 4500
008
240624s9999 xx 000 0 und d
041
_a
eng
082
_a
823 BRO
100
_a
BRUTON GARRY D
245
_a
ORIGIN
260
_c
2017
_a
London
_b
Bantam Press
300
_a
461 p.; 24 cm.
365
_c
RS
999
_c
30221
_d
30221